Telecommunication Switching Systems & Networks (Record no. 9794)
[ view plain ]
| 000 -LEADER | |
|---|---|
| fixed length control field | 00389nam a2200157Ia 4500 |
| 008 - FIXED-LENGTH DATA ELEMENTS--GENERAL INFORMATION | |
| fixed length control field | 221030s9999 xx 000 0 und d |
| 020 ## - INTERNATIONAL STANDARD BOOK NUMBER | |
| ISBN | 8120307131 |
| 041 ## - LANGUAGE CODE | |
| Language code of text/sound track or separate title | |
| 082 ## - DEWEY DECIMAL CLASSIFICATION NUMBER | |
| Classification number | 105.23 |
| 100 ## - MAIN ENTRY--AUTHOR NAME | |
| Personal name | T. Viswanathan |
| 245 #0 - TITLE STATEMENT | |
| Title | Telecommunication Switching Systems & Networks |
| Statement of responsibility, etc | by T. Viswanathan |
| 260 ## - PUBLICATION, DISTRIBUTION, ETC. (IMPRINT) | |
| Name of publisher | PHI |
| Place of publication | New Delhi |
| Year of publication | 2011 |
| 300 ## - PHYSICAL DESCRIPTION | |
| Number of Pages | 583 |
| 650 ## - SUBJECT ADDED ENTRY--TOPICAL TERM | |
| Topical Term | ECE |
| 942 ## - ADDED ENTRY ELEMENTS (KOHA) | |
| Koha item type | Books |
| Accession Number | Cost, normal purchase price | Bill Date | Full call number | Source of acquisition | Price effective from | Koha item type | Withdrawn / writtenoff status | Materials specified (bound volume or other part) | Damaged status | Not for loan | Permanent Location | Current Location | Shelving location | Date acquired | Lost/ Missing status | department |
|---|---|---|---|---|---|---|---|---|---|---|---|---|---|---|---|---|
| BE 11209 | 275.00 | 2756 | 105.23 | RKB | 10/30/2022 | Books | MIET Library, Jammu | MIET Library, Jammu | BL-Academic Block B, FL-1, CUP-74, SH-1, R-1 | 04/20/2011 | BE | |||||
| BE 11210 | 275.00 | 2756 | 105.23 | RKB | 10/30/2022 | Books | MIET Library, Jammu | MIET Library, Jammu | BL-Academic Block C, FL-2, CUP-159, SH-3, R-3 | 04/20/2011 | BE | |||||
| BE 11211 | 275.00 | 2756 | 105.23 | RKB | 10/30/2022 | Books | MIET Library, Jammu | MIET Library, Jammu | BL-Academic Block C, FL-2, CUP-159, SH-3, R-3 | 04/20/2011 | BE | |||||
| BE 11212 | 275.00 | 2756 | 105.23 | RKB | 10/30/2022 | Books | MIET Library, Jammu | MIET Library, Jammu | BL-Academic Block C, FL-2, CUP-159, SH-3, R-3 | 04/20/2011 | BE | |||||
| BE 11213 | 275.00 | 2756 | 105.23 | RKB | 10/30/2022 | Books | MIET Library, Jammu | MIET Library, Jammu | BL-Academic Block C, FL-2, CUP-159, SH-3, R-3 | 04/20/2011 | BE |